| 000 | 00418cam a2200169ua 4500 | ||
|---|---|---|---|
| 020 | _cRs.1.50 | ||
| 041 |
_amal _h |
||
| 082 |
_a894.8122 _bBHA/BH |
||
| 100 | _aBhasi, Thoppil. | ||
| 245 |
_aBhasiyude ekamkangal, Part-II / _cThoppil Bhasi. _hTextual Documents |
||
| 260 |
_aQuilon : _bM.S Book Depot , _c1963. |
||
| 300 | _a108 ; . | ||
| 365 | _aRs.1.50 | ||
| 504 | _a | ||
| 942 | _cBK | ||
| 999 |
_c408 _d408 |
||